000
00260nam a22001217a 4500
020
_a
0-7214-1952-6
082
_a
823
_b
LAD/G
245
_a
THE GINGERBREAD MAN
260
_a
ITALY
_b
LADY BIRD
300
_a
29
650
_a
ENGLISH SHORT STORY
_z
ITALY
942
_c
BK
999
_c
2138
_d
2138